| 000 | 00395nam a22001337a 4500 | ||
|---|---|---|---|
| 005 | 20160125152133.0 | ||
| 008 | 160125b xxu||||| |||| 00| 0 eng d | ||
| 040 | _cPK-LaUMT | ||
| 082 |
_aAMC 959.70438 _bACC- |
||
| 245 |
_aWe accuse _ba report of the copenhagen session of the war crimes tribunal _cJohn Duffett(Edit |
||
| 260 |
_aLondon _bBertrand russell _c1968 |
||
| 300 | _a183 p. | ||
| 942 | _cBK | ||
| 999 |
_c82248 _d82248 |
||